Provincies van Nederland - Sudden Death - Statistieken

Algemene statistieken
  • Deze quiz is 4.191 keer genomen
  • De gemiddelde score is 10 van 12
Answers on the Grid
Answers color-coded by a green-red scale on the quiz's grid according to % correct below.
Alberta
Beieren
Drenthe
Flevoland
Friesland
Gelderland
Gooi en Vechtstreek
Groningen
Haaglanden
Ijsselland
Kennemerland
Limburg
Luxemburg
Nedersaksen
Noord-Brabant
Noord-Holland
Nouvelle-Aquitaine
Occitanië
Ontario
Overijssel
Overmaas
Twente
Utrecht
Vlaanderen
Wales
Zeeland
Zuid-Holland
 
Antwoordstatistieken
Antwoord % Correct
Friesland
92%
Groningen
89%
Limburg
87%
Noord-Holland
87%
Gelderland
86%
Flevoland
85%
Drenthe
84%
Noord-Brabant
81%
Zeeland
81%
Zuid-Holland
81%
Utrecht
79%
Overijssel
77%
Geen overeenkomende quizzen gevonden
Scoreverdeling
Procent van Mensen met Elke Score
Percentiel versus Aantal Correcte Antwoorden
Uw Scoregeschiedenis
U heeft deze quiz nog niet genomen